Star Wars planets by picture #2 - Statistics

General Stats
  • This quiz has been taken 124 times
  • The average score is 11 of 16
Answer Stats
Picture Hint Answer % Correct
Padme Naboo
96%
Clones Kamino
94%
Vader's castle Mustafar
93%
Arena Geonosis
92%
Binary Sunset Tatooine
89%
Hello there Utapau
78%
Pre Vizsla Mandalore
74%
Twi'lek Ryloth
67%
Death Star Scarif
67%
Coaxium Kessel
64%
Ackbar Mon Cala
61%
Ezra Lothal
59%
Saw Gerrera Jedha
55%
Childbirth Polis Massa
43%
Zorii Bliss Kijimi
34%
Battlefront 2015 Sullust
32%
No matching quizzes found
Score Distribution
Percent of People with Each Score
Percentile by Number Answered
Your Score History
You have not taken this quiz